000 00605nam a2200205Ia 4500
003 OSt
005 20251021165011.0
008 220923b |||||||| |||| 00| 0 pan d
037 _cTB
040 _aARTS
_cARTS
_bpan
041 _2pan
_apan
084 _aO153,1x J0
_qAL
100 _aShamsher Singh Ashok ed
_9172729
245 0 _aPracheen jang name
260 _aAmritsar:
_bShiromani Gurudwara Prabhandak Committee,
_c1950.
650 _aENGLISH LITERATURE
_9849080
700 _e(Editor)
942 _hO153,1x J0
_cTB
_2CC
_n0
999 _c392778
_d392778